000 00792cam a2200253Ia 4500
008
020 _a9781779220714 (pbk.)
049 _aMAIN
090 _aJC599.Z55
_bHID
245 0 4 _aThe hidden dimensions of operation Murambatsvina /
_cedited by Maurice Vambe.
260 _aHarare :
_bWeaver Press,
_cc2008.
300 _avi, 170 p. :
_bill. ;
_c21 cm.
504 _aIncludes bibliographical references.
650 0 _aOperation Murambatsvina.
650 0 _aHuman rights
_zZimbabwe.
650 0 _aPolitical persecution
_zZimbabwe.
651 0 _aZimbabwe
_xHistory
_y1980-
700 1 _aVambe, Maurice.
907 _a.b10317107
_b18-10-13
_c31-08-12
003
005 20230123125442.0
040 _cNUST
942 _cBOOKS
_kJC599.Z55
_mHID
999 _c141762
_d141762